000 00755nam a22002057a 4500
005 20240805112902.0
010 _aENG-141180
020 _c175.00
_a9789385506277
035 _aEN-124712
037 _bDBAD
082 _a368
_2First
100 _aD. Chennappa
_969425
245 _aPrinciples of Insurance/
_cBy D. Chennappa; V. Padmavathi [and] V. Jayalakshmi
260 _aHyderabad
_bProfessional Books Publisher
_c2017
270 _a3-5-315, Street No.7, Vittalwadi, Narayanguda
_bHyderabad
_e500029
_k9642665303
300 _a236P;
_c24cm(Pb)
500 _a(For third Semester, B.Com of All Universities in Telangana State w.e.f. 2016-2017)
700 _969414
_aV. Padmavathi [and] V. Jayalakshmi
942 _2ddc
_cEN
_h368
_mChe
999 _c204800
_d204800